Teatro (Record no. 67613)

MARC details
000 -LEADER
campo de control de longitud fija 00939nam a2200229 i 4500
001 - NÚMERO DE CONTROL
campo de control 67613
003 - IDENTIFICADOR DE NÚMERO DE CONTROL
campo de control ES-MaACL
005 - FECHA Y HORA DE LA ÚLTIMA TRANSACCIÓN
campo de control 20230906170120.0
007 - CAMPO FIJO DE DESCRIPCIÓN FÍSICA--INFORMACIÓN GENERAL
campo de control de longitud fija t|
008 - DATOS DE LONGITUD FIJA--INFORMACIÓN GENERAL
campo de control de longitud fija 040608s1998 sp ||||0| spa d
020 ## - NÚMERO INTERNACIONAL ESTÁNDAR DEL LIBRO
Número Internacional Estándar del Libro 84-88659-16-4
040 ## - FUENTE DE CATALOGACIÓN
Centro catalogador/agencia de origen M-BN
Lengua de catalogación spa
Centro/agencia transcriptor M-BN
080 ## - NÚMERO DE LA CLASIFICACIÓN DECIMAL UNIVERSAL
Número de la Clasificación Decimal Universal 821.134.2-2"19"
100 1# - ENTRADA PRINCIPAL--NOMBRE DE PERSONA
Nombre de persona López Aranda, Ricardo.
9 (RLIN) 73408
245 10 - MENCIÓN DEL TÍTULO
Título Teatro
Resto del título : obras escogidas /
Mención de responsabilidad, etc. Ricardo López Aranda.
250 ## - MENCION DE EDICION
Mención de edición 1ª ed.
260 ## - PUBLICACIÓN, DISTRIBUCIÓN, ETC.
Lugar de publicación, distribución, etc. Madrid :
Nombre del editor, distribuidor, etc. Asociación de Autores de Teatro,
Fecha de publicación, distribución, etc. 1998.
300 ## - DESCRIPCIÓN FÍSICA
Extensión 2 v. ;
Dimensiones 21 cm.
505 8# - NOTA DE CONTENIDO CON FORMATO
Nota de contenido con formato t. 1. Nunca amanecerá ; Cerca de las estrellas ; Noche de San Juan ; La esfinge sin secreto ; El asedio ; La cita ; La espera t. 2. Las herederas del sol ; Isabelita la miracielos ; Isabel, reina de corazones ; Yo, Martín Lutero ; El buscón ; Fortunata y Jacinta ; Los extraños amantes
710 2# - ENTRADA AGREGADA--NOMBRE DE ENTIDAD CORPORATIVA
Nombre de entidad corporativa o nombre de jurisdicción como elemento de entrada Asociación de Autores de Teatro.
9 (RLIN) 1565
852 ## - LOCALIZACIÓN
Ubicación ES-MaACL
Número de control de estantería L-27853-54
Sublocalización o colección R.133594
Holdings
Estatus retirado Estado de pérdida Estado de daño No para préstamo Biblioteca de origen Biblioteca actual Ubicación en estantería Fecha de adquisición Fuente de adquisición Total de préstamos Signatura topográfica completa Código de barras Visto por última vez Precio de reemplazo Tipo de ítem Koha
        Biblioteca del Ateneo de Madrid Biblioteca del Ateneo de Madrid Depósito 2 17/01/2008     L-27853-54 1070794 23/02/2023 23/02/2023 Libro impreso